000
00283nam a2200121 a 4500
005
20141022142007.0
008
081002s19uu xx 00 eng d
050
_a
AVM
_b
S4 2004
245
_a
Spies above.
650
_a
VCD.
650
_a
Spies above; SCIENCE FICTION
942
_c
AVM
999
_c
276539
_d
276539